000 00730nam0a22002291 4500
001 RU\INFOCOMM_318\NLR\5000074693
005 20250613103732.0
035 _a(NLR Aleph) 009478772
090 _a8573986
_c8573986
100 _a20121128d1926 |||y0rusy50 ca
101 0 _ager
102 _aRU
105 _ay z |||||
200 1 _aInstruktion zu den Bestimmungen über die Bauern-Gesellschaften für gegenseitige Hilfe
210 _aPokrowsk
_cZentral-Komitee der Bauerngesellschaften für gegenseitige Hilfe
_d1926
215 _a82 с.
_d17 см
712 0 1 _aRSFSR
_bVolkskommissariat für Justizwesen
_4570
801 1 _aRU
_bNLR
_c20121128
801 0 _aRU
_bINFOCOMM
_gPSBO
852 _aNLR
_jЕ-8/1695
942 _cBOOK
980 _aNB